The maoist insurgency in Nepal; a manograph; causes, impact and avenues of revolution (Record no. 39255)
[ view plain ]
| 000 -LEADER | |
|---|---|
| fixed length control field | 007910000a22003130004500 |
| 015 ## - NATIONAL BIBLIOGRAPHY NUMBER | |
| National bibliography number | NNB |
| 082 ## - DEWEY DECIMAL CLASSIFICATION NUMBER | |
| Classification number | 321.094 |
| Item number | P394m |
| -- | NC |
| 041 ## - LANGUAGE CODE | |
| Language code of text/sound track or separate title | Eng |
| 111 ## - MAIN ENTRY--MEETING NAME | |
| Meeting name or jurisdiction name as entry element | Program for the Study of International Organization |
| 100 ## - MAIN ENTRY--PERSONAL NAME | |
| Personal name | Simkhada, Shambu Ram |
| 100 ## - MAIN ENTRY--PERSONAL NAME | |
| Personal name | Oliva, Fabia |
| 245 ## - TITLE STATEMENT | |
| Title | The maoist insurgency in Nepal; a manograph; causes, impact and avenues of revolution |
| 260 ## - PUBLICATION, DISTRIBUTION, ETC. (IMPRINT) | |
| Place of publication, distribution, etc | Kathmandu |
| Name of publisher, distributor, etc | PSIO, Nepal |
| 260 ## - PUBLICATION, DISTRIBUTION, ETC. (IMPRINT) | |
| Date of publication, distribution, etc | 2006 |
| 300 ## - PHYSICAL DESCRIPTION | |
| Extent | vi, 287p. |
| 500 ## - GENERAL NOTE | |
| General note | Includes bibliography |
| 518 ## - DATE/TIME AND PLACE OF AN EVENT NOTE | |
| Date/time and place of an event note | 2007-02-17 |
| 530 ## - ADDITIONAL PHYSICAL FORM AVAILABLE NOTE | |
| Additional physical form available note | M |
| 650 ## - SUBJECT ADDED ENTRY--TOPICAL TERM | |
| Topical term or geographic name as entry element | Government |
| 650 ## - SUBJECT ADDED ENTRY--TOPICAL TERM | |
| Topical term or geographic name as entry element | Insurgency |
| 650 ## - SUBJECT ADDED ENTRY--TOPICAL TERM | |
| Topical term or geographic name as entry element | Maoism |
| 650 ## - SUBJECT ADDED ENTRY--TOPICAL TERM | |
| Topical term or geographic name as entry element | Violence |
| 650 ## - SUBJECT ADDED ENTRY--TOPICAL TERM | |
| Topical term or geographic name as entry element | Conflicts |
| 650 ## - SUBJECT ADDED ENTRY--TOPICAL TERM | |
| Topical term or geographic name as entry element | Peace |
| 650 ## - SUBJECT ADDED ENTRY--TOPICAL TERM | |
| Topical term or geographic name as entry element | Human rights |
| 650 ## - SUBJECT ADDED ENTRY--TOPICAL TERM | |
| Topical term or geographic name as entry element | Political movement |
| 651 ## - SUBJECT ADDED ENTRY--GEOGRAPHIC NAME | |
| Geographic name | Nepal |
| 942 ## - ADDED ENTRY ELEMENTS (KOHA) | |
| Koha item type | General Collections |
| Withdrawn status | Lost status | Source of classification or shelving scheme | Damaged status | Not for loan | Home library | Current library | Date acquired | Total Checkouts | Full call number | Barcode | Date last seen | Price effective from | Koha item type |
|---|---|---|---|---|---|---|---|---|---|---|---|---|---|
| Dewey Decimal Classification | Tribhuvan University Central Library | Tribhuvan University Central Library | 06/20/2010 | N/321.094 P394m | G64787 | 06/20/2010 | 06/20/2010 | N | |||||
| Dewey Decimal Classification | Tribhuvan University Central Library | Tribhuvan University Central Library | 06/20/2010 | N/321.094 P394m | G64816 | 06/20/2010 | 06/20/2010 | N | |||||
| Dewey Decimal Classification | Tribhuvan University Central Library | Tribhuvan University Central Library | 06/20/2010 | N/321.094 P394m | G64817 | 06/20/2010 | 06/20/2010 | General NC |
